000 00402nam a22001577a 4500
003 OSt
005 20260408152257.0
008 240829b |||||||| |||| 00| 0 eng d
020 _a9788129111951
082 _a181.4
_bCHI
100 _aCHATTERJEE, Satischandra
245 _aAn introduction to Indian philosophy
260 _aNew Delhi:
_bV & S Publishers,
300 _axvii,404p.
942 _2ddc
_cBK
999 _c12862
_d12862